Ministry & mission : (Record no. 1630)

MARC details
000 -LEADER
fixed length control field 01284nam a2200361 a 4500
001 - CONTROL NUMBER
control field data
005 - DATE AND TIME OF LATEST TRANSACTION
control field 20260322212109.0
008 - FIXED-LENGTH DATA ELEMENTS--GENERAL INFORMATION
fixed length control field data
035 ## - SYSTEM CONTROL NUMBER
System control number 2882303
010 ## - LIBRARY OF CONGRESS CONTROL NUMBER
LC control number 86113617
020 ## - INTERNATIONAL STANDARD BOOK NUMBER
International Standard Book Number 0935311009 (pbk. : alk. paper) :
Terms of availability $9.95
020 ## - INTERNATIONAL STANDARD BOOK NUMBER
International Standard Book Number 9780935311006
035 ## - SYSTEM CONTROL NUMBER
-- (DLC) 86113617
040 ## - CATALOGING SOURCE
Original cataloging agency DLC
Transcribing agency DLC
Modifying agency DLC
050 00 - LIBRARY OF CONGRESS CALL NUMBER
Classification number BV4011
Item number .M53 1985
082 00 - DEWEY DECIMAL CLASSIFICATION NUMBER
Classification number 253
Edition information 19
245 00 - TITLE STATEMENT
Title Ministry & mission :
Remainder of title theological reflections for the life of the church /
Statement of responsibility, etc. edited by Barbara Brown Taylor ; [with a foreword by Jim L. Waits].
260 ## - PUBLICATION, DISTRIBUTION, ETC.
Place of publication, distribution, etc. Atlanta, Ga. :
Name of publisher, distributor, etc. Post Horn Press,
Date of publication, distribution, etc. 1985.
300 ## - PHYSICAL DESCRIPTION
Extent x, 177 p. ;
Dimensions 23 cm.
336 ## - CONTENT TYPE
Content type term text
Content type code txt
Source rdacontent
337 ## - MEDIA TYPE
Media type term unmediated
Media type code n
Source rdamedia
338 ## - CARRIER TYPE
Carrier type term volume
Carrier type code nc
Source rdacarrier
500 ## - GENERAL NOTE
General note Includes index.
500 ## - GENERAL NOTE
General note Reprinted from: Ministry & Mission, a quarterly publication of the Candler School of Theology, Emory University.
650 #0 - SUBJECT ADDED ENTRY--TOPICAL TERM
Topical term or geographic name entry element Pastoral theology.
650 #0 - SUBJECT ADDED ENTRY--TOPICAL TERM
Topical term or geographic name entry element Theology, Practical.
650 #0 - SUBJECT ADDED ENTRY--TOPICAL TERM
Topical term or geographic name entry element Theology.
700 1# - ADDED ENTRY--PERSONAL NAME
Personal name Taylor, Barbara Brown.
740 0# - ADDED ENTRY--UNCONTROLLED RELATED/ANALYTICAL TITLE
Uncontrolled related/analytical title Ministry and mission.
906 ## - LOCAL DATA ELEMENT F, LDF (RLIN)
a 7
b cbc
c orignew
d 3
e ncip
f 19
g y-gencatlg
991 ## -
-- c-GenColl
-- BV4011
-- .M53 1985
-- 00012659362
-- Copy 1
-- BOOKS
Holdings
Withdrawn status Lost status Damaged status Not for loan Home library Current library Shelving location Date acquired Total checkouts Full call number Barcode Date last seen Price effective from Koha item type
        Institut Protestant de Théologie Institut Protestant de Théologie General stacks 22/03/2026   253 LOC-IPT-00021 22/03/2026 22/03/2026 Books